000 01013nam0a22002531 4500
001 rc\480231
005 20030616172914.4
035 _a(NLR Aleph) 005723153
090 _a7500639
_c7500639
100 _a20030616d1987 u |0rusy50 ca
101 0 _arus
102 _aRU
105 _ay |||||||||
200 1 _aМежпредметные связи в процессе преподавания литературы в школе
_eМежвуз. сб. науч. тр.
_fМоск. гос. пед. ин-т им. В.И. Ленина
_g[Редкол.: З.С. Смелкова (отв. ред.) и др.]
210 _aМ.
_cМГПИ
_d1987
215 _a116, [2] с.
_d21
320 _aБиблиогр. в конце ст.
702 1 _aСмелкова
_bЗ. С.
_gЗинаида Сергеевна
_4340
712 0 2 _aМосковский пед. ин-т им. В.И.Ленина
_3RU\NLR\AUTH\8816890
801 0 _aRU
_bNLR
_gpsbo
801 1 _aRU
_bELAR
_2rusmarc
852 _aNLR
_j87-5/5943
942 _cBOOK
980 _aNB